01287cam a2200253 a 450000500170000001000130001702000300003003500130006003700090007308200240008210000320010624500420013826000420018030000400022249000440026250000740030650502470038060000540062765000670068165000910074894200310083999900170087095201460088720091104151139.0 aG-001749 a0531217221 (pbk.)c175.00 aG-001749 bgift00a782.42164092aB2221 aBerne, Emma Carlson.95339410aMiley Cyrus /cby Emma Carlson Berne. aNew York :bScholastic India,cc2009. a112 p. :bcol. ill. ;c18 cm. (Pbk)0 aJunk food : tasty celebrity bios953395 aIncludes bibliographical references, discography (p. 105), and index.0 aIntroduction : Will the real Miley Cyrus please stand up? -- Born in the spotlight -- Miley's moment -- A long way from Tennessee -- On the road -- Miley mania -- The world is watching -- Keeping it real -- It's Miley in 3-D! -- Future shock.10aCyrus, Miley,d1992-vJuvenile literature.953396 0aSingerszUnited StatesvBiographyvJuvenile literature.953397 0aTelevision actors and actresseszUnited StatesvBiographyvJuvenile literature.953398 2ddccENh782.42164092mBER c57405d57405 001040708NFICaJPbJPd2011-10-07egiftg175.00l1o782.42164092 BERpG-001749r2012-03-30 00:00:00s2012-03-20t1v175.00w2011-10-07yEN